Sauces (Record no. 616974)

MARC details
000 -LEADER
fixed length control field 00335nam a2200145 4500
008 - FIXED-LENGTH DATA ELEMENTS--GENERAL INFORMATION
fixed length control field 260305b |||||||| |||| 00| 0 eng d
020 ## - INTERNATIONAL STANDARD BOOK NUMBER
ISBN 9780470194966
Paper back/Hardbound HBK
041 ## - LANGUAGE CODE
Language code of text/sound track or separate title ENG
082 ## - DEWEY DECIMAL CLASSIFICATION NUMBER
Classification number 641.814
Item number PET
100 ## - MAIN ENTRY--AUTHOR NAME
Personal name James Peterson
245 ## - TITLE STATEMENT
Title Sauces
260 ## - PUBLICATION, DISTRIBUTION, ETC. (IMPRINT)
Place of publication CANADA
Name of publisher WILEY
Year of publication 2008
942 ## - ADDED ENTRY ELEMENTS (KOHA)
Koha item type Reference
Holdings
Withdrawn status Lost status Damaged status Not for loan Home library Current library Shelving location Date acquired Full call number Accession Number Price effective from Koha item type
        Anna Centenary Library Anna Centenary Library 6TH FLOOR, A WING 20.08.2010 641.814 PET 132850 05.03.2026 Reference

Find us on the map